| 000 | 00640nam a2200169 4500 | ||
|---|---|---|---|
| 008 | 171214b xxu||||| |||| 00| 0 eng d | ||
| 020 | _a9780030340369 | ||
| 082 |
_22002 _aDC 658.848 _bR66 |
||
| 100 |
_925212 _aCzinkota, Michael R., author. |
||
| 245 |
_aBest practices in international marketing / _c Michael R. Czinkota, Ilkka A. Ronkainen. |
||
| 260 |
_aFort Worth : _bHarcourt College Publishers, _c©2002. |
||
| 300 |
_axviii, 393 pages : _b illustrations ; _c 24 cm. |
||
| 500 | _aIncludes bibliographical references and index. | ||
| 650 | 0 |
_925214 _aExport marketing |
|
| 700 |
_925213 _aRonkainen, Ilkka A.,author. |
||
| 942 |
_2ddc _cDC |
||
| 999 |
_c8144 _d8144 |
||